01214aam a2200217 a 4500001001000000003001000010005001700020008004100037020002200078040002500100080001700125100003600142245004800178250001100226260003500237300002100272520061600293586003300909650004300942655001100985001302883AR-RoUNCS20251028143708.0140228s2014 ag r 001 f spa | a978-950-580-686-3 aAR-RoUNCScAR-RoUNCS a82-31(728.5)1 aBelli, Gioconda,d1948-eautora13aEl país de las mujeres /cGioconda Belli. a1a ed. aBuenos Aires :bBooket,c2014. a278 p. ;c23 cm.3 aEn las elecciones de Faguas –país imaginario que aparece en las novelas de Gioconda Belli– ha triunfado el PIE (Partido de la Izquierda Erótica). Sus atrevidas integrantes tienen un propósito inclaudicable: cambiar el rumbo de su país, limpiarlo como si se tratara de una casa descuidada, barrerlo hasta sacarle brillo. Pero nada de esto resulta fácil para la presidenta Viviana Sansón y sus ministras, sometidas a constantes ataques por parte de sus enemigos. ¿Podrán sobrellevarlo y sobrevivir? ¿Será Faguas, al final de su administración, un país mejor?c(Descripción del editor). aPremio La Otra Orilla, 2010. 4aLITERATURA HISPANOAMERICANAySIGLO XXI 4aNOVELA